Prípravky a ich oporné prvky

Salvato in:
Dettagli Bibliografici
Autore principale: Chomják, Juraj, 1986- (Autore)
Altri autori: Onderová, Iveta, 1978- (Relatore della tesi)
Natura: Manoscritto Libro
Lingua:slovacco
Pubblicazione: Bratislava : STU v Bratislave SjF, 2010
Soggetti:
Accesso online:VAIS
Tags: Aggiungi Tag
Nessun Tag, puoi essere il primo ad aggiungerne!!

MARC

LEADER 00000ntm a22000003a 4500
001 stu218782
005 20150617230113.6
008 101207s2010----xo------------------slo-d
040 |a STU  |b slo 
041 0 |a slo 
044 |a xo 
100 1 |a Chomják, Juraj,  |d 1986-  |4 aut  |u J  |T SjF Strojnícka fakulta  |X 48978  |U J  |Y 20  |7 A000048978 
242 0 0 |a Fixtures and their relieving components  |y eng 
245 1 |a Prípravky a ich oporné prvky 
260 |a Bratislava :  |b STU v Bratislave SjF,  |c 2010 
650 7 |a výrobné systémy a manažérstvo kvality  |2 stusub 
650 7 |a Production Systems and Quality Management  |2 estusub 
650 7 |a čap  |2 stusub 
650 7 |a prípravok  |2 stusub 
650 7 |a centre  |2 estusub 
650 7 |a fixture  |2 estusub 
700 1 |a Onderová, Iveta,  |d 1978-  |4 ths  |u J0070  |U SjF Strojnícka fakulta  |T SjF Ústav výrobných systémov, enviromentálnej techniky a manažment kvality  |X 46392  |U J0070  |Y 804  |7 A000046392 
856 4 |a info a plný text  |u http://is.stuba.sk/zp/portal_zp.pl?podrobnosti=73961  |3 VAIS 
996 |b 284J038930  |c J*798/BP  |l JJSK  |s A  |a 24  |w stu218782_0001